Central Library OPAC University of Rajshahi

Social casework for Bangladesh / (Record no. 53662)

MARC details
000 -LEADER
fixed length control field 00625nam a2200217 a 4500
001 - CONTROL NUMBER
control field 53662
003 - CONTROL NUMBER IDENTIFIER
rucl marc code BD-RjUL
005 - DATE AND TIME OF LATEST TRANSACTION
control field 20211209080010.0
008 - FIXED-LENGTH DATA ELEMENTS--GENERAL INFORMATION
fixed length control field 116102s1979 bg b 001 0 eng c
035 ## - SYSTEM CONTROL NUMBER
System control number (BD-RjUL)53784
040 ## - CATALOGING SOURCE
Original cataloging agency ZCU
Transcribing agency ZCU
Language of cataloging eng
Modifying agency BD-RjUL
041 ## - LANGUAGE CODE
Language code of text/sound track or separate title eng
082 ## - DEWEY DECIMAL CLASSIFICATION NUMBER
Edition number 23
Classification number 361.32
Author mark and year MUS 1979
100 1# - MAIN ENTRY--PERSONAL NAME
Personal name Mumme, Norma F.
9 (RLIN) 160384
245 10 - TITLE STATEMENT
Title Social casework for Bangladesh /
Statement of responsibility, etc. Norma F. Mumme.
260 ## - PUBLICATION, DISTRIBUTION, ETC. (IMPRINT)
Place of publication, distribution, etc. Dacca :
Name of publisher, distributor, etc. Bangladesh Books,
Date of publication, distribution, etc. 1979.
300 ## - PHYSICAL DESCRIPTION
Pagination 71 p. ;
Size 23 cm.
504 ## - BIBLIOGRAPHY, ETC. NOTE
Bibliography, etc Includes Bibliographical References and Index
650 #0 - SUBJECT ADDED ENTRY--TOPICAL TERM
Topical term or geographic name as entry element Social case work
Geographic subdivision India.
9 (RLIN) 160385
942 ## - ADDED ENTRY ELEMENTS (KOHA)
Source of classification or shelving scheme Dewey Decimal Classification
Koha item type Books
Holdings
Lost status Source of classification or shelving scheme Damaged status Not for loan Collection code Permanent Location Current Location Shelving location Date acquired Source of acquisition Cost, normal purchase price Total Checkouts Full call number Date last seen Date checked out Copy number Koha item type
  Dewey Decimal Classification     Non-fiction Central Library, University of Rajshahi Central Library, University of Rajshahi   19/03/1980 Rajshahi, Neamot Book Shop 18.00 1 361.32 MUS 1979 10/03/2025 25/02/2025 C-2 Books